„Heimat“ von Johannes Oerding - Statistiken

Allgemein
  • Dieses Quiz wurde 15 mal gespielt
    10 seit der letzten Aktualisierung
  • Das Durchschnittsergebnis liegt bei 137 aus 182
Antwortstatistiken
Antwort % Korrekt
bin
100%
da
100%
Da
100%
du
100%
Du
100%
Es
100%
es
100%
Heimat
100%
ich
100%
Ich
100%
mich
100%
mir
100%
so
100%
wenn
100%
Wenn
100%
wie
100%
zu
100%
aussiehst
86%
bist
86%
Dann
86%
Dein
86%
dich
86%
hab‘
86%
im
86%
in
86%
In
86%
in-
86%
mal
86%
Mal
86%
mit
86%
Und
86%
und
86%
wieder
86%
zum
86%
anlachst
71%
bei
71%
deiner
71%
dir
71%
grau
71%
gut
71%
immer
71%
kann
71%
kannst
71%
keinen
71%
Oh
71%
Reden
71%
schön
71%
trag
71%
Armen
57%
deinen
57%
Gesicht
57%
Nähe
57%
nicht
57%
offenen
57%
Regenpfützen
57%
sich
57%
sogar
57%
Souvenir
57%
spiegelt
57%
tragen
57%
was
57%
Komm
43%
Neonlicht
43%
Straßen
43%
tanze
43%
tu
43%
verlieren
43%
von
43%
wartest
43%
Wie‘n
43%
wunderbar
43%
allein
29%
auswendig
29%
doch
29%
Ey
29%
find‘
29%
gerade
29%
hier
29%
kenn‘
29%
manchmal
29%
müde
29%
Nachts
29%
oder
29%
sein
29%
such‘
29%
viel
29%
willst
29%
eiskalt
14%
laut
14%
leise
14%
nie
14%
wärmen
14%
weißt
14%
Keine übereinstimmenden Quizze gefunden
Verteilung der Resultate
Anzahl Personen mit jedem Resultat
Perzentil nach korrekt beantworteten Fragen
Ihre Resultats-Entwicklung
Sie haben dieses Quiz seit der letzten Aktualisierung nicht gespielt